书目信息 |
| 题名: |
优质高效中药生产直通营销
|
|
| 作者: | 张勇飞 主编 | |
| 分册: | ||
| 出版信息: | 北京 中国农业出版社 2013.02 |
|
| 页数: | 29,702页 | |
| 开本: | 21cm | |
| 丛书名: | ||
| 单 册: | ||
| 中图分类: | S567 , F762.2 | |
| 科图分类: | ||
| 主题词: | 药用植物--栽培技术 , 中药材--市场营销学 , 药用植物 , 栽培技术 , 中药材 , 市场营销学 | |
| 电子资源: | ||
| ISBN: | 978-7-109-17244-9 | |
| 000 | 01207nam0 2200325 450 | |
| 001 | 006544688 | |
| 005 | 20140610104831.26 | |
| 010 | @a978-7-109-17244-9@dCNY35.00 | |
| 100 | @a20130329d2013 em y0chiy0110 ea | |
| 101 | 0 | @achi |
| 102 | @aCN@b110000 | |
| 105 | @aa z 000yy | |
| 106 | @ar | |
| 200 | 1 | @a优质高效中药生产直通营销@9you zhi gao xiao zhong yao sheng chan zhi tong ying xiao@f张勇飞主编 |
| 210 | @a北京@c中国农业出版社@d2013.02 | |
| 215 | @a29,702页@c图@d21cm | |
| 300 | @a国家公益性行业科研专项 国家973计划 国家科技支撑计划 农业部农业结构调整重大技术研究专项 天津市农业科技成果转化项目 欧盟亚洲合作项目 | |
| 330 | @a本书重点从调理类、驱邪类中药入手,侧重遴选了30余味常用以及贵重的中药,每种中药分9节撰写,分别为入药品种、资源和产地分布、植物形态、生态条件、生物特性、栽培技术、采收、加工与贮存、药典质量标准、市场与营销。 | |
| 333 | @a营销相关人员 | |
| 606 | 0 | @a药用植物@x栽培技术 |
| 606 | 0 | @a中药材@x市场营销学 |
| 606 | 0 | @a药用植物 |
| 606 | 0 | @a栽培技术 |
| 606 | 0 | @a中药材 |
| 606 | 0 | @a市场营销学 |
| 690 | @aS567@v5 | |
| 690 | @aF762.2@v5 | |
| 701 | 0 | @a张勇飞@9zhang yong fei@f(1960~)@4主编 |
| 801 | 0 | @aCN@bNLC@c20130407 |
| 905 | @b846482-84@dS567@e55@f3 | |
| 优质高效中药生产直通营销/张勇飞主编.-北京:中国农业出版社,2013.02 |
| 29,702页:图;21cm |
| 国家公益性行业科研专项 国家973计划 国家科技支撑计划 农业部农业结构调整重大技术研究专项 天津市农业科技成果转化项目 欧盟亚洲合作项目.-使用对象:营销相关人员 |
| ISBN 978-7-109-17244-9:CNY35.00 |
| 本书重点从调理类、驱邪类中药入手,侧重遴选了30余味常用以及贵重的中药,每种中药分9节撰写,分别为入药品种、资源和产地分布、植物形态、生态条件、生物特性、栽培技术、采收、加工与贮存、药典质量标准、市场与营销。 |
| ● |
| 相关链接 |
|
|
|
|
正题名:优质高效中药生产直通营销
索取号:S567/55
 
预约/预借
| 序号 | 登录号 | 条形码 | 馆藏地/架位号 | 状态 | 备注 |
| 1 | 846482 | 208464829 | 第二样本阅览室/ [索取号:S567/55] | 在馆 | |
| 2 | 846483 | 208464838 | 第三借阅区/ [索取号:S567/55] | 在馆 | |
| 3 | 846484 | 208464847 | 第三借阅区/ [索取号:S567/55] | 在馆 |